Statistics for Tits - Picture Quiz

Click here to take the quiz!

General Stats

  • This quiz has been taken 27 times
  • The average score is 4 of 16

Answer Stats

Answer% Correct
{Blue} Tit
100%
{Great} Tit
62%
{Coal} Tit
43%
{Crested} Tit
43%
{Bearded} Tit
33%
{Long-tailed} Tit
33%
{Marsh} Tit
33%
{Willow} Tit
24%
{Black-Capped} Chickadee
5%
{Sultan} Tit
5%
{Azure} Tit
5%
{Chestnut-Bellied} Tit
0%
{Elegant} Tit
0%
{Rufous-Vented} Tit
0%
{Palawan} Tit
0%
{Varied} Tit
0%

Score Distribution

Percentile by Number Answered

Percent of People with Each Score

Your Score History

You have not taken this quiz